000 00645nam a2200241 a 4500
999 _c7016
_d7016
001 7016
003 BD-JhCC
005 20180204101206.0
008 180204s1986 u a|||| || | 000 0 eng d
035 _a(BD-JhCC)7016
040 _aBD-JhCC
_dBD-JhCC
041 _aeng
082 _a428.6
_bFAY 1986
100 _aFay, Leo
245 _aStar Show /
_cLeo Fay, Barbara D. Stoodt and Dorothy Grant Hennings
260 _aNew York :
_bThe Riverside Publishing Company,
_c1986
300 _a544 p. :
_c24 cm.
650 _aReaders
700 _aStoodt, Barbara D.
700 _aHennings, Dorothy Grant
942 _2ddc
_cBK